Movies Quiz

Random Movies or Actor Quiz

BMW Actors & Actresses Quiz Stats

 Plays Quiz not verified by Sporcle

Score 0/30 Timer 05:00
1 Play Today
% Correct
Will Smith
95.2%
Sandra Bullock
93.7%
Leonardo DiCaprio
92.7%
Keanu Reeves
92.6%
Brad Pitt
88.8%
Angelina Jolie
88.1%
Cher
87.9%
Wesley Snipes
86.5%
Kevin Costner
85.9%
Jennifer Lopez
85.6%
Dwayne Johnson
84.3%
John Goodman
82.6%
Reese Witherspoon
81.5%
Johnny Depp
81%
Robert De Niro
80.4%
% Correct
Harrison Ford
80.4%
Jennifer Aniston
79.7%
Drew Barrymore
78.7%
Ashton Kutcher
78.4%
Val Kilmer
77.6%
Bill Murray
75.5%
Barbra Streisand
75.2%
Tom Hardy
73.5%
Jamie Foxx
70.5%
Owen Wilson
70.1%
Jeremy Renner
69.4%
Scarlett Johansson
65.7%
Jennifer Lawrence
63.8%
Colin Firth
61.8%
Paul Giamatti
53.8%

You're not logged in!

Compare scores with friends on all Sporcle quizzes.
OR
Log In

Show Comments

Extras

Top Quizzes Today


Score Distribution

Your Account Isn't Verified!

In order to create a playlist on Sporcle, you need to verify the email address you used during registration. Go to your Sporcle Settings to finish the process.

Report this User

Report this user for behavior that violates our Community Guidelines.

Details: